000 00457nam a2200145 i 4500
001 48862
003 ES-MaACL
005 20230906161833.0
007 t|
008 030701s1886 sp ||||1| spa d
100 1 _aCordero y Lunar, Manuel.
_940530
245 1 0 _aRecuerdos de Sagunto
_b: Canto elegiaco-descriptivo /
_cManuel Cordero y Lunar.
260 _aMadrid :
_b[s.n.,
_c1886] (
_fImp. de la viuda e hija de Fuentenebro)
852 _aES-MaACL
_jT-478-F-19
999 _c48862
_d48862